| 000 | 00438nam a2200145Ia 4500 | ||
|---|---|---|---|
| 008 | 220216s9999 xx 000 0 und d | ||
| 100 | _aPerera M C A | ||
| 245 | 0 | _aEffect of moisture on the processability and physical properties of natural rubber | |
| 260 |
_bJournal of the Rubber Research Institute of Sri Lanka _c1985 |
||
| 300 | _a6-Jan | ||
| 650 | _aNatural rubber | ||
| 650 | _aRSS | ||
| 700 | _aSiriwardena T A S | ||
| 942 | _cJS | ||
| 999 |
_c57969 _d57969 |
||